| 000 | 00536nam a22001697a 4500 | ||
|---|---|---|---|
| 999 |
_c16269 _d16269 |
||
| 008 | 161207b xxu||||| |||| 00| 0 eng d | ||
| 020 | _a1584804000 | ||
| 040 |
_aKABU _cKABU |
||
| 050 |
_aRC86.7 _b.A44 2005 C.1 |
||
| 245 | _aFirst Aid-responding to emergencies | ||
| 250 | _aRevised printing 2007 | ||
| 260 |
_aUSA _bStayWell _c2005 |
||
| 300 | _axxix, 497 p. | ||
| 650 | _2First aid in illness and injury | ||
| 650 | _aMedical emergencies | ||
| 942 |
_2lcc _cBK _eRevised printing 2007 _hRC86.7 .A44 2005 C.1 |
||